Company law (Record no. 4947)

MARC details
000 -CABECERA
campo de control de longitud fija 03497nam a2200313 i 4500
001 - NÚMERO DE CONTROL
campo de control 990230983370107026
003 - IDENTIFICADOR DEL NÚMERO DE CONTROL
campo de control UkOxU
005 - FECHA Y HORA DE LA ÚLTIMA TRANSACCIÓN
campo de control 20251110184945.0
008 - DATOS DE LONGITUD FIJA--INFORMACIÓN GENERAL
campo de control de longitud fija 220812s2022 enk b 001|0 eng d
020 ## - NÚMERO INTERNACIONAL ESTÁNDAR DEL LIBRO
Número Internacional Estándar del Libro 9780192865359
Información calificativa paperback
035 ## - NÚMERO DE CONTROL DEL SISTEMA
Número de control de sistema (UkOxU)023098337
035 ## - NÚMERO DE CONTROL DEL SISTEMA
Número de control de sistema (UkOxU)023098337BIB01
040 ## - FUENTE DE LA CATALOGACIÓN
Centro catalogador/agencia de origen UkOxU
Lengua de catalogación eng
Normas de descripción rda
Centro/agencia transcriptor UkOxU
041 ## - CÓDIGO DE LENGUA
Código de lengua del texto/banda sonora o título independiente English
100 ## - ENTRADA PRINCIPAL--NOMBRE DE PERSONA
Nombre de persona Dignam, Alan J.
Término indicativo de función/relación author.
9 (RLIN) 25891
245 10 - MENCIÓN DE TÍTULO
Título Company law
Mención de responsabilidad, etc. / Alan Dignam, John Lowry.
250 ## - MENCIÓN DE EDICIÓN
Mención de edición Twelfth edition.
264 #1 - PRODUCCIÓN, PUBLICACIÓN, DISTRIBUCIÓN, FABRICACIÓN Y COPYRIGHT
Producción, publicación, distribución, fabricación y copyright Oxford :
Nombre del de productor, editor, distribuidor, fabricante Oxford University Press,
Fecha de producción, publicación, distribución, fabricación o copyright [2022]
300 ## - DESCRIPCIÓN FÍSICA
Extensión li, 483 pages ;
Dimensiones 25 cm
490 1# - MENCIÓN DE SERIE
Mención de serie Core text series
500 ## - NOTA GENERAL
Nota general Previous edition: 2020.
504 ## - NOTA DE BIBLIOGRAFÍA, ETC.
Nota de bibliografía, etc. Includes bibliographical references (pages 458-463) and index.
505 ## - NOTA DE CONTENIDO CON FORMATO
Nota de contenido con formato Part I Fundamental Principles<br/>— Introduction to company law<br/>— Corporate personality and limited liability<br/>— Lifting the veil<br/>— Promoters and pre-incorporation contracts<br/>— Raising capital: equity and its consequences<br/>— Raising capital: debentures: fixed and floating charges<br/><br/>Part II Behind the Corporate Veil<br/>— Share capital<br/>— The constitution of the company: dealing with insiders<br/>— Classes of shares and variation of class rights<br/>— Derivative claims<br/>— Statutory shareholder remedies<br/><br/>Part III Issues of Corporate Authority<br/>— The constitution of the company: dealing with outsiders<br/>— Corporate management<br/>— Directors’ duties<br/>— Corporate governance 1: corporate governance and corporate theory<br/>— Corporate governance 2: the UK corporate governance debate<br/>— Corporate rescue and liquidations in outline.
520 ## - SUMARIO, ETC.
Sumario, etc. Titles in the Core Text series take the reader straight to the heart of the subject, providing focused, concise, and reliable guides for students at all levels. Company Law provides an account of the key principles of this area of law. It aims to demystify this complex subject. Chapter introductions provide summaries of various aspects of company law and further reading provide the tools for further research and study. This volume includes coverage of new case law such as Hurstwood Properties (A) Ltd and others v Rossendale Borough Council and another (2021) on veil lifting, Sevilleja Garcia v Marex Financial Ltd (2020), and Primeo Fund v Bank of Bermuda (Cayman) Ltd (2021) on reflective loss; Chu v Lau (2020) on just and equitable winding up in ‘deadlock’ cases; Primekings Holding Ltd v King (2021) on unfair prejudice; Ming Siu Hung v J F Ming Inc (2021) on buy-out orders; Byers v Chen Ninging (2021) on breach of directors’ duties; CPS v Aquila Advisory Ltd (2021) on attribution; together with recent legislation including the Corporate Insolvency and Governance Act 2020; the Economic Crime (Transparency and Enforcement) Act 2022; the Rating (Coronavirus) and Directors Disqualification (Dissolved Companies) Act 2021; and the Commercial Rent (Coronavirus) Act 2022. On corporate governance, the latest developments surrounding the UK Corporate Governance Code and Stewardship Developments 2020 together with the Wates Corporate Governance Principles for Large Private Companies, the FTSE Women Leaders Report 2022 on gender diversity on boards, and the Parker Review 2022 on ethnic diversity on boards are discussed as well as climate change litigation using s 172 of the Companies Act 2006.
650 #0 - PUNTO DE ACCESO ADICIONAL DE MATERIA--TÉRMINO DE MATERIA
Término de materia o nombre geográfico como elemento de entrada Corporation law
Subdivisión geográfica England.
9 (RLIN) 26456
700 ## - ENTRADA AGREGADA--NOMBRE PERSONAL
Nombre de persona Lowry, John P.
Término indicativo de función/relación author.
9 (RLIN) 25892
830 #0 - PUNTO DE ACCESO ADICIONAL DE SERIE-TÍTULO UNIFORME
Título uniforme Butterworths core text series
942 ## - ELEMENTOS DE ENTRADA AGREGADA (KOHA)
Fuente del sistema de clasificación o colocación Clasificación de Library of Congress
Holdings
Estado de retiro Estado de pérdida Fuente del sistema de clasificación o colocación Estado dañado No para préstamo Biblioteca de origen Biblioteca actual Fecha de adquisición Total de préstamos Signatura topográfica completa Fecha visto por última vez Número de copia Precio válido a partir de Tipo de ítem Koha Nota pública
    Clasificación de Library of Congress     TBS Barcelona TBS Barcelona 16/09/2025   K1310 DIG 16/09/2025 1 16/09/2025 Book SOON AVAILABLE

Powered by Koha